O Panp̤tico no Territr̤io das APACs

Bibliographic Details
Main Author: Silva, Amaury
Format: eBook
Language:Portuguese
Published: San Pablo: JH Mizuno, 2018
Subjects:
Online Access:Acceso restringido

MARC

LEADER 00000nam a22000007a 4500
005 20190723235842.0
007 cr|||| ||||
008 190723s2018 br |||||s|||| 00||0 por d
020 |a 978-85-7789-345-4 
035 |a 23855 
040 |a vLex 
090 |c 9060  |d 9060 
100 1 |a Silva, Amaury 
245 1 1 |a O Panp̤tico no Territr̤io das APACs  |h [Recurso electrn̤ico] /  |c Amaury Silva 
256 |a Servicio en ln̕ea 
260 |a San Pablo:  |b JH Mizuno,  |c 2018 
300 |a 1 recurso electrn̤ico 
500 |a Trg̀ico, violento e ineficiente. O sistema penitencir̀io brasileiro ̌conhecido por esses adjetivos. Mas, sabe-se que a problemt̀ica carcerr̀ia ̌universal. Em O panp̤tico no territr̤io das Apacs o autor utiliza o referencial ter̤ico da geografia do poder para identificar e dissecar o territr̤io prisional. O texto ̌baseado na dissertaȯ̂ de mestrado do autor – Estudos Territoriais com n̊fase em Criminologia e Direitos Humanos – Univale – Governador Valadares/MG. O objeto da anl̀ise ̌o funcionamento da metodologia APAC de prisô aberta. O trabalho se prope̳ a descortinar o mťodo que ̌apresentado como soluȯ̂ alternativa para o sistema prisional global. Concentra-se ainda no marco ter̤ico do panoptismo para explicar o seu funcionamento e conclui sua inserȯ̂ como t︢il opȯ̂ para a reduȯ̂ de danos, sem, no entanto, superar o paradigma da teoria agns̤tica da pena como matriz de justificaȯ̂ para a sanȯ̂ criminal. 
506 1 |a Disponible solo en los productos indicados  |d vLex Global  |d vLex Global (Academic Edition, excluding Law Schools)  |d vLex Global (U.S. Academic Edition, Law Schools)  |d vLex Global (U.S. Academic Edition, excluding Law Schools)  |d vLex Global (Academic Edition, Law Schools) 
650 0 4 |a Derecho Penal  |z Brasil 
650 0 4 |a Procedimiento Penal  |z Brasil 
740 0 |a vLex Libros (Servicio en ln̕ea) 
856 4 0 |u http://vlex.com/source/o-panoptico-no-territorio-das-apacs-23855  |z Acceso restringido 
942 |c BOOK 
999 0 |a Criminal Law 
999 0 |a Criminal Procedure